| 000 | 00798nam a22002297a 4500 | ||
|---|---|---|---|
| 008 | 130821s2005 mx gr spa | ||
| 020 | _a9706333134 | ||
| 040 |
_aCo-BoUCM _bspa |
||
| 041 | 0 | 0 | _aspa |
| 100 | 1 | _aLevi, Edward H. | |
| 245 | 1 | 0 |
_aIntroducción al razonamiento jurídico _cEdward H. Levi ; traducción Genaro R. Carrió |
| 260 |
_aMéxico D.F. (México) _bEdiciones Coyoacán _c2005 |
||
| 300 | _a154 páginas | ||
| 490 | 0 |
_aDerecho y Sociedad _v16 |
|
| 650 | 0 | 4 |
_aFilosofía del derecho _915792 |
| 650 | 0 | 4 |
_aInterpretación del derecho _917899 |
| 650 | 0 | 4 |
_aRazonamiento _xAspectos jurídicos _923103 |
| 700 | 1 |
_aCarrió, Genaro R. _etrad. |
|
| 765 | _tAn introduction to legal reasoning | ||
| 942 |
_cLIBRO _a8 _e1 _mL664i _2DEWEY _h340.1 |
||
| 999 |
_c68762 _d68762 |
||